Lexikon deutscher Zitate (Record no. 6796)

MARC details
000 -CABECERA
campo de control de longitud fija 00586nam a2200217 a 4500
001 - NÚMERO DE CONTROL
campo de control BRCA_7115
005 - FECHA Y HORA DE LA ÚLTIMA TRANSACCIÓN
campo de control 20190321142924.0
008 - DATOS DE LONGITUD FIJA--INFORMACIÓN GENERAL
campo de control de longitud fija 291211s1888----gw-#######---#000-0#ger-#
041 ## - CÓDIGO DE LENGUA
Código de lengua del texto/banda sonora o título independiente ger
044 ## - CÓDIGO DEL PAÍS DE LA ENTIDAD EDITORA/PRODUCTORA
Código MARC del país gw
050 #4 - SIGNATURA TOPOGRÁFICA DE LA BIBLIOTECA DEL CONGRESO
Número de documento/Ítem .F74 1888
100 1# - ENTRADA PRINCIPAL--NOMBRE DE PERSONA
Nombre de persona Fried, Alfred Hermann
9 (RLIN) 17689
245 10 - MENCIÓN DE TÍTULO
Título Lexikon deutscher Zitate
Mención de responsabilidad, etc. herausgegeben von Alfred Hermann Fried.
260 ## - PUBLICACIÓN, DISTRIBUCIÓN, ETC.
Lugar de publicación, distribución, etc. Leipzig
Nombre del editor, distribuidor, etc. Philipp Reclam
Fecha de publicación, distribución, etc. [1888]
300 ## - DESCRIPCIÓN FÍSICA
Extensión 310 p.
Dimensiones 15 cm.
440 #0 - MENCIÓN DE SERIE/PUNTO DE ACCESO ADICIONAL--TÍTULO
Título Universal-Bibliothek
Designación de volumen o secuencia 2461-2463
9 (RLIN) 17690
500 ## - NOTA GENERAL
Nota general O133
650 14 - PUNTO DE ACCESO ADICIONAL DE MATERIA--TÉRMINO DE MATERIA
Término de materia o nombre geográfico como elemento de entrada Léxico alemán
9 (RLIN) 17691
902 ## - CATALOGADOR
Iniciales GFM
942 ## - ELEMENTOS DE PUNTO DE ACCESO ADICIONAL (KOHA)
Fuente del sistema de clasificación o colocación Library of Congress Classification
Tipo de ítem Koha Libros
Holdings
Estado de retiro Estado de pérdida Estado dañado No para préstamo Localización permanente Ubicación/localización actual Fecha de adquisición Número de inventario Total de préstamos Signatura topográfica completa Código de barras Fecha visto por última vez Precio válido a partir de Tipo de ítem Koha
El ejemplar forma parte de la colección y puede ser consultado según las políticas vigentes.       Biblioteca del Museo Franz Mayer (Rogerio Casas-Alatriste) Biblioteca del Museo Franz Mayer (Rogerio Casas-Alatriste) 29/12/2011 O133   .F74 1888 (O133) 7562 22/03/2019 22/03/2019 Libros